[Event "Asian Continental op 20th"]
[Site "Almaty"]
[Date "2023.06.09"]
[Round "7"]
[White "Kozhabekov, Adilkhan"]
[Black "Badghisi, Hassibullah"]
[Result "1-0"]
[WhiteElo "1911"]
[BlackElo "1368"]
[PlyCount "83"]
[EventDate "2023.06.04"]
[EventType "swiss"]
[EventRounds "9"]
[EventCountry "KAZ"]
[SourceTitle "CBM 214 Extra"]
[Source "ChessBase"]
[SourceDate "2023.07.31"]
[SourceVersion "1"]
[SourceVersionDate "2023.07.31"]
[SourceQuality "1"]

1. Nf3 Nf6 2. b3 g6 3. Bb2 Bg7 4. g3 d5 5. Bg2 0-0 6. 0-0 c5 7. e3 Nc6 8. d3 Bg4 9. Nbd2 Qd7 10. Re1 e5 11. Bxe5 Nxe5 12. Nxe5 Qf5 13. Ndf3 Rfe8 14. Nxg4 Nxg4 15. Rb1 Bc3 16. Re2 Rad8 17. Qf1 Rd6 18. Rd1 d4 19. e4 Qf6 20. h3 Ne5 21. Nxe5 Qxe5 22. f4 Qe7 23. Qf3 b5 24. e5 Ra6 25. a4 bxa4 26. bxa4 Rxa4 27. Qc6 Ra1 28. Rxa1 Bxa1 29. e6 f6 30. Re1 Bc3 31. Rb1 Bb4 32. Ra1 a5 33. Bd5 Kg7 34. Rf1 Rd8 35. Bc4 Rd6 36. Qe4 Bd2 37. g4 Be3+ 38. Kg2 h6 39. Rb1 Qe8 40. Rb7+ Kh8 41. e7 Kg7 42. Bb5 1-0

[Event "Asian Continental op 20th"]
[Site "Almaty"]
[Date "2023.06.08"]
[Round "6"]
[White "Badghisi, Hassibullah"]
[Black "Baimurzin, Aitkazy"]
[Result "0-1"]
[WhiteElo "1368"]
[BlackElo "1825"]
[PlyCount "52"]
[EventDate "2023.06.04"]
[EventType "swiss"]
[EventRounds "9"]
[EventCountry "KAZ"]
[SourceTitle "CBM 214 Extra"]
[Source "ChessBase"]
[SourceDate "2023.07.31"]
[SourceVersion "1"]
[SourceVersionDate "2023.07.31"]
[SourceQuality "1"]

1. e4 a6 2. d4 b5 3. Bd3 Bb7 4. Nf3 Nf6 5. Qe2 e6 6. Bg5 c5 7. e5 h6 8. Bh4 g5 9. Bg3 Nd5 10. c3 Nc6 11. 0-0 g4 12. Nh4 Rg8 13. Qe4 cxd4 14. Qh7 Qg5 15. f4 gxf3 16. Nxf3 Qe3+ 17. Kh1 Rg7 18. Qe4 Qxe4 19. Bxe4 dxc3 20. Nxc3 Nxc3 21. bxc3 Ba3 22. Rad1 0-0-0 23. Rd3 Be7 24. Nd2 Rf8 25. Nb3 f5 26. Bxc6 Bxc6 0-1